Assessment of knowledge and attitudes of high school students regarding family planning (Record no. 4473)

000 -LEADER
fixed length control field 00471pab a2200169 454500
008 - FIXED-LENGTH DATA ELEMENTS--GENERAL INFORMATION
fixed length control field 180718b1984 xxu||||| |||| 00| 0 eng d
100 ## - MAIN ENTRY--PERSONAL NAME
Personal name Malhotra, Rashmi
245 ## - TITLE STATEMENT
Title Assessment of knowledge and attitudes of high school students regarding family planning
Remainder of title A need of the day
260 ## - PUBLICATION, DISTRIBUTION, ETC.
Date of publication, distribution, etc. 1984
300 ## - PHYSICAL DESCRIPTION
Extent 57-60
362 ## - DATES OF PUBLICATION AND/OR SEQUENTIAL DESIGNATION
Dates of publication and/or sequential designation Dec.
650 ## - SUBJECT ADDED ENTRY--TOPICAL TERM
Topical term or geographic name entry element Birth Control
700 ## - ADDED ENTRY--PERSONAL NAME
Personal name M. Nath
700 ## - ADDED ENTRY--PERSONAL NAME
Personal name Parveen Kaur
773 ## - HOST ITEM ENTRY
Main entry heading Journal of Family Welfare
909 ## -
-- 4473
Holdings
Withdrawn status Lost status Damaged status Not for loan Permanent Location Current Location Date acquired Serial Enumeration / chronology Barcode Date last seen Price effective from Koha item type
        Indian Institute of Public Administration Indian Institute of Public Administration 2018-07-19 Volume no: 31, Issue no: 2 AR4476 2018-07-19 2018-07-19 Articles

Powered by Koha